000 01371cam a2200145 4500500
005 20260329082257.0
041 _afre
042 _adc
100 1 0 _aMairesse, François
_eauthor
700 1 0 _aICOM
_eauthor
245 0 0 _aDictionnaire de muséologie
260 _bArmand Colin,
_c2022.
520 _aAujourd’hui, les musées sont plus que jamais au centre des problématiques culturelles, sociales et économiques de nos sociétés. Et  la muséologie occupe désormais une place incontournable dans le champ des sciences sociales. Ce dictionnaire, réunissant une équipe d'experts internationaux, vient, en plus de 1200 entrées organisées en 7 thématiques,  définir, analyser et mettre en perspective l'ensemble des termes utilisés  dans le champ muséal, des plus académiques (exposition, artefact, patrimoine immatériel, cabinet de curiosité) aux plus innovants (digital curatorship, memory spots, cybermusée...). Un ouvrage de référence couvrant à la fois les domaines de la muséologie, de l’exposition, des méthodes de recherche, de gestion des collections et de conservation/restauration, de l’éducation muséale et la médiation, dans la gestion/marketing, de l’histoire et de l’analyse critique du musée.
856 4 1 _uhttps://shs.cairn.info/dictionnaire-de-museologie--9782200633974?lang=fr&redirect-ssocas=7080
999 _c2027763
_d2027763